Příprava a provedení skupinových cvičení, velitelských cvičení a kontrolní práce z taktiky : skripta /

Hlavní autor: Herynk, Jiří
Korporativní autor: Vysoká vojenská škola pozemního vojska ve Vyškově. Fakulta řízení vojenských systémů
Další autoři: Kozůbek, Jaroslav, 1972-
Jazyk: Čeština
Vydáno: Vyškov : VVŠ PV Vyškov, 2001
Témata:
Fyzický popis: 180 stran : formuláře ; 21 cm
Knihy
Uloženo v:
LEADER 01845nam a2200445 i 4500
001 001814706
003 CZ BrMZK
005 20220623095847.0
007 ta
008 220208s2001 xr k e p 000 0 cze
020 |q (Brožováno) 
040 |a BOA001  |b cze  |e rda 
072 7 |a 355/359  |x Vojenství. Obrana země. Ozbrojené síly  |2 Konspekt  |9 15 
072 7 |a 37.016  |x Učební osnovy. Vyučovací předměty. Učebnice  |2 Konspekt  |9 22 
080 |a 355.52  |2 MRF 
080 |a 355.133.4  |2 MRF 
080 |a 355.42  |2 MRF 
080 |a (075.8)  |2 MRF 
100 1 |a Herynk, Jiří  |4 aut 
245 1 0 |a Příprava a provedení skupinových cvičení, velitelských cvičení a kontrolní práce z taktiky :  |b skripta /  |c zpracoval: Jiří Herynk, Jaroslav Kozúbek 
264 1 |a Vyškov :  |b VVŠ PV Vyškov,  |c 2001 
300 |a 180 stran :  |b formuláře ;  |c 21 cm 
336 |a text  |b txt  |2 rdacontent 
337 |a bez média  |b n  |2 rdamedia 
338 |a svazek  |b nc  |2 rdacarrier 
500 |a Nad názvem: Vysoká vojenská škola pozemního vojska ve Vyškově, Fakulta řízení vojenských systémů 
500 |a Terminologické slovníky 
500 |a Česko-anglický a anglicko-český slovník 
500 |a 50 výtisků 
504 |a Obsahuje bibliografii 
650 0 7 |a vojenská cvičení  |7 ph137764  |2 czenas 
650 0 7 |a vojenské velení  |7 ph127203  |2 czenas 
650 0 7 |a vojenská taktika  |7 ph162447  |2 czenas 
655 7 |a učebnice vysokých škol  |7 fd133772  |2 czenas 
700 1 |a Kozůbek, Jaroslav,  |d 1972-  |7 mzk2012682915  |4 aut 
710 2 |a Vysoká vojenská škola pozemního vojska ve Vyškově.  |b Fakulta řízení vojenských systémů  |7 ko2005304050  |4 isb 
910 |a BOA001  |b 2-1480.611 
990 |a BK 
991 |b 202206 
996 6 |b 2610895450  |c 2-1480.611  |l MZK  |r Sklad / do 1 hodiny  |n 0  |p dar  |w 001878794  |u 000010  |a 1  |e BOA001  |j MZK50  |s P